01675 2200421 4500001002100000005001500021035002000036007000300056008004100059020002200100082002100122084002300143100002800166245034800194250002600542300003700568650004100605700003500646700004300681700003600724700003700760700004000797700003900837700003800876700003900914700004400953264003500997336002101032337003001053338002301083040002201106090002701128090002201155850001201177999002201189990002201211990002001233INLIS00000000085760920240219104820 a0010-0321000632ta210322s2019 yoic g | ind d a978-623-7587-77-404223a379.19598272 a379.19598272 NAS p1 aNasta'in, M.ePengarang10aPengabdian untuk negeri :bkebersamaan dan persaudaraan dalam membangun desa /cM. Nasta'in, Ade Usi Khoerinisa, Amalia Desiyantining Tiyas, Annisa Amalia Akmal, Bety Ode Ratma Marni, Kurnia Wahidatun Ni'mah, Miladi Thohir Muhammad, Pipit Restu Wijayanti, Pribadi Wicaksono Ajie, Noprianto Umbu G Djurubalang; penyunting, Pipit Restu Wijayanti aCetakan pertama, 2019 avii, 52 halaman :bfoto ;c21 cm 4aKuliah kerja nyata--zDlingo, Bantul0 aAde Usi Khoerinisa,ePengarang0 aAmalia Desiyantining Tiyas,ePengarang0 aAnnisa Amalia Akmal,ePengarang0 aBety Ode Ratma Marni,ePengarang0 aKurnia Wahidatun Ni'mah,ePengarang0 aMiladi Thohir Muhammad,ePengarang0 aPipit Restu Wijayanti,ePengarang0 aPribadi Wicaksono Ajie,ePengarang0 aNoprianto Umbu G DjurubalangePengarang31aSleman :bMbridge Press,c2019 2rdacontentateks 2rdamediaatanpa perantara 2rdacarrieravolume aYOPDYOGbinderda aDEP 379.19598272 NAS p aCB-D.11 2019-3519 aYOPDYOG aCB-D.11/2019-3519 aCB-D.11/2019-3519 a74034-PD/A.2026